000 00900nam a2200277 i 4500
003 DO-SdBNP
005 20230926112527.0
006 a||||gr|||| 00| 0
007 ta
008 230926e2000 dr ||||| |||| 00| e spa d
020 _a9993433004
040 _aDO-SdBNP
_bspa
_cBNPHU
_erda
082 4 _222
_bF866C, 2006
245 1 0 _aPaulo Freire:
_bsu vida, conviccione políticas y el paradigma de la impugnación. /
_cOnavis Freire
250 _a2a. edición
264 1 _aSanto Domingo :
_bMediabyte,
_c1999
300 _a221 páginas ;
_c21 cm.
336 _2rdacontent
_atexto
_btxt
337 _2rdamedia
_asin mediación
_bn
338 _2rdacarrier
_avolumen
_bnc
504 _aBibliografía: 217 - 221
590 _aInventariado 2023 / MF
600 4 _aFreire,Paulo,
_d1921-1997
_xCrítica e Interpretació
_911846
650 4 _aPedagogía Critica
_92197
_zAmérica Latina
942 _2ddc
_cLBS1
999 _c54942
_d54942